LOS HECHOS DE LOS APOSTOLES/

INDICE

Сохранить в:
Библиографические подробности
Главный автор: Wikenhauser, Alfred (autor)
Формат:
Серии:BIBLIOTECA HERDER; 96
Предметы:
Метки: Добавить метку
Нет меток, Требуется 1-ая метка записи!

MARC

LEADER 00000nam^a2200000^a^4500
001 000220887
005 20250521000000.0
009 20260310103858.779
035 |a 040954 
037 |a Acervo Xavier Clavigero 
082 |a 226. 6 WIK 
100 |a Wikenhauser, Alfred  |e (autor) 
245 1 4 |a LOS HECHOS DE LOS APOSTOLES/  |c ALFRED WIKENHAUSER 
264 |a BARCELONA :  |b HERDER,  |c 1967 
300 |a 424p. 
336 |a texto  |b txt  |2 rdacontenido 
337 |a sin mediación  |b n  |2 rdamedio 
338 |a volumen  |b nc  |2 rdasoporte 
440 |a BIBLIOTECA HERDER;  |v 96 
520 |a INDICE 
649 |a XX 
650 |a Biblia -  |x Nuevo Testamento -  |x Hechos de los Apóstoles 
910 |a Fondo General 
920 |a Impresos - Libros 
930 |a Colección General 
905 |a 101 
901 |a 040954  |b IT1  |c ACC  |i 040954  |u 20250521 
902 |a https://opac.biblio.iteso.mx/vufind/Record/000220887